000 00464nam a2200193Ia 4500
003 GCL
008 140319s9999 xx 000 0 aRus d
040 _aGCL /
_cGCL
082 0 4 _a861
_bS D
100 1 _aSARTRE, JEAN
245 1 0 _aEL DIABLO Y DIOS /
_cSARTRE, JEAN
260 _a[S.N] :
_bALIANZA EDITORIAL ،
_c1986
300 _a242 P
650 0 4 _aLITERATURE
650 0 4 _aPOEMS
650 0 4 _aSPANISH LITERATURE
650 0 4 _aPOESIS
942 _2ddc
_cBK
999 _c10750
_d10750